=LDR 00000nam 2200000 4500 =001 INLIS000000000041784 =005 20200207102907 =035 ##$$a 0010-061300000041784 =008 200207################g##########0#ind## =041 ##$$a Ind =082 ##$$a 001.422 5 =090 ##$$a 001.422 5 =100 ##$$a Junadi, Purnawan =245 1#$$a Pengantar Analisis Data /$c dr. Purnawan Junadi, Ph.D =260 ##$$a Jakarta :$b Rineka Cipta,$c 1995 =300 ##$$a 139 hlm : $b ilus ; $c 15 x 20 cm =850 ##$$a NBPNMAT =020 ##$$a 979-518-637-X =084 ##$$a 001.422 5 JUN p =250 ##$$a Cet. 1 =650 #4$$a Analisis Data =504 ##$$a Bibliografi : hlm. 135 - 139 =990 ##$$a DW00019189 =990 ##$$a 00087185 =990 ##$$a 104.856/Pro-96 =990 ##$$a 104.854 pro.96 =990 ##$$a 104.854 pro.96 =990 ##$$a DW00019189 =990 ##$$a 00087185 =990 ##$$a 104.856/Pro-96 =990 ##$$a 104.856/Pro-96 =990 ##$$a DW00019189 =990 ##$$a 00087185 =990 ##$$a 104.854 pro.96 =990 ##$$a DW00019189 =990 ##$$a 00087185 =990 ##$$a 104.856/Pro-96 =990 ##$$a 104.854 pro.96